[Event "Angers op 2nd"]
[Site "Angers"]
[Date "2007.04.15"]
[Round "6.34"]
[White "Charpentier, Bruno"]
[Black "Fermen, Guy"]
[Result "1-0"]
[WhiteElo "1480"]
[BlackElo "1730"]
[PlyCount "57"]
[EventDate "2007.04.13"]
[EventType "swiss"]
[EventRounds "6"]
[EventCountry "FRA"]
[SourceTitle "CBM 117 Extra"]
[Source "ChessBase"]
[SourceDate "2007.05.09"]
[SourceVersion "1"]
[SourceVersionDate "2007.05.09"]
[SourceQuality "1"]

1. e4 e5 2. Nf3 Nc6 3. Bb5 Nf6 4. Nc3 d6 5. d3 Bd7 6. Bg5 Be7 7. h3 Nh5 8. Bxe7 Nxe7 9. Bxd7+ Qxd7 10. Nxe5 Qe6 11. Qxh5 g6 12. Nxg6 fxg6 13. Qb5+ Kf7 14. 0-0-0 b6 15. Qg5 Kg7 16. Rhf1 c6 17. Kb1 b5 18. f4 Rhf8 19. Rde1 Rae8 20. g4 Nf5 21. gxf5 Rxf5 22. Qg1 Rh5 23. Qxa7+ Re7 24. Qe3 Rxh3 25. Qg1 Qf7 26. f5 Ra7 27. fxg6 Qxg6 28. Qxa7+ Kh6 29. Qf7 1-0

[Event "Angers op 2nd"]
[Site "Angers"]
[Date "2007.04.14"]
[Round "3.32"]
[White "Duval, Michel"]
[Black "Charpentier, Bruno"]
[Result "1-0"]
[WhiteElo "1822"]
[BlackElo "1480"]
[PlyCount "73"]
[EventDate "2007.04.13"]
[EventType "swiss"]
[EventRounds "6"]
[EventCountry "FRA"]
[SourceTitle "CBM 117 Extra"]
[Source "ChessBase"]
[SourceDate "2007.05.09"]
[SourceVersion "1"]
[SourceVersionDate "2007.05.09"]
[SourceQuality "1"]

1. e4 e5 2. Nf3 Nc6 3. d4 exd4 4. Bc4 d5 5. Bxd5 Be6 6. Bxc6+ bxc6 7. Nxd4 Bc5 8. Nxe6 Qxd1+ 9. Kxd1 fxe6 10. f3 Rd8+ 11. Ke2 Nf6 12. Bf4 Rd7 13. Nd2 0-0 14. Bg3 Nh5 15. Nc4 Nxg3+ 16. hxg3 Rfd8 17. Rad1 Bb6 18. Rxd7 Rxd7 19. Rh5 Bd4 20. c3 g6 21. Rg5 Bb6 22. a4 Kf8 23. Rg4 Kg7 24. Rh4 g5 25. Rh1 h6 26. Ne5 Rd6 27. Ng4 e5 28. Nxe5 Re6 29. Nc4 Bc5 30. Rd1 Re7 31. b4 Bd6 32. Nxd6 cxd6 33. Rxd6 Rc7 34. g4 c5 35. b5 Rb7 36. Rc6 Kh7 37. Rxc5 1-0

[Event "Ile et Vilaine-chA 0001"]
[Site "Ile et Vilaine"]
[Date "2000.10.21"]
[Round "1"]
[White "Charpentier, Bruno"]
[Black "Le Derf, Francis"]
[Result "0-1"]
[WhiteElo "129"]
[BlackElo "1499"]
[PlyCount "90"]
[EventDate "2000.10.21"]
[EventType "swiss"]
[EventRounds "7"]
[EventCountry "FRA"]
[SourceTitle "EXT 2007"]
[Source "ChessBase"]
[SourceDate "2006.11.23"]
[SourceVersion "1"]
[SourceVersionDate "2006.11.23"]
[SourceQuality "1"]

1. e4 d6 2. Nc3 g6 3. Nf3 Bg7 4. d4 Nd7 5. Bd2 a6 6. Bc4 e6 7. 0-0 b5 8. Bb3 Bb7 9. a3 c5 10. Bf4 c4 11. Ba2 d5 12. exd5 exd5 13. Re1+ Ne7 14. Bd6 Bf6 15. Qe2 Nb6 16. Be5 Bxe5 17. Qxe5 Rg8 18. Re2 Nbc8 19. Rae1 Bc6 20. Qf6 Kf8 21. Ne5 Qe8 22. Nxc6 Qxc6 23. Re6 Qb7 24. R6e5 Qc6 25. Re6 Qb7 26. R1e5 Ke8 27. Rc6 Kf8 28. Rc5 Nb6 29. Ne2 Re8 30. Nf4 Nec8 31. Rxe8+ Kxe8 32. Qc6+ Qxc6 33. Rxc6 Kd7 34. Rf6 Ke7 35. Rc6 Re8 36. Kf1 Kd7 37. Rc5 Na4 38. Rxd5+ Kc6 39. b3 Nc3 40. Rc5+ Kd6 41. bxc4 Nxa2 42. cxb5 axb5 43. Rxb5 Nc3 44. Rb3 Ne4 45. c4 Nd2+ 0-1